Constitutional law : (Record no. 516870)

000 -LEADER
fixed length control field 00471nam a22001097a 4500
082 ## - DEWEY DECIMAL CLASSIFICATION NUMBER
Classification number TNC C4x42 W119
100 ## - MAIN ENTRY--PERSONAL NAME
Personal name Wade,E.C.S. and Phillips, G. Godfrey
9 (RLIN) 23592
245 ## - TITLE STATEMENT
Title Constitutional law :
Remainder of title An outline of the law and practice of the constitution , including central and local government and the constitutional relations of the British commonwealth and empire
Statement of responsibility, etc E.C.S. Wade and G.Godfrey Phillips
250 ## - EDITION STATEMENT
Edition statement 4th
260 ## - PUBLICATION, DISTRIBUTION, ETC. (IMPRINT)
Place of publication, distribution, etc London
Name of publisher, distributor, etc Longmans
Date of publication, distribution, etc 1950
300 ## - PHYSICAL DESCRIPTION
Extent 535p.
Holdings
Withdrawn status Lost status Source of classification or shelving scheme Damaged status Koha normalized classification for sorting Not for loan Permanent location Current location Date acquired Full call number Barcode Date last seen Price effective from Koha item type
        TNC_C4X42_W119   Indian Institute of Public Administration Indian Institute of Public Administration 2021-03-19 TNC C4x42 W119 GR23358 2021-03-19 2021-03-19 GR

Powered by Koha